000 00724nam a2200265Ia 4500
003 OSt
005 20220928130811.0
006 a|||||r|||| 00| 0
007 ta
008 220927b |||||||| |||| 00| 0 eng d
024 _a118657
037 _bGift, 21/02/2013,
_cTextual
040 _aSDCL
_cSDCL
_beng
041 _2eng
_aeng
082 _aG1132, P6
100 _aPrimrose S.B
245 0 _aPrinciples of gene manipulation and genomics
250 _a7th
260 _aAustralia
_bBlackwell
_c2006
300 _axxii;644p
_ccm.
650 _aGift
_9391569
700 _a Twyman R.M
942 _hG1132, P6
_cTEXL
_2CC
999 _c788753
_d788753